000 00405cam a2200169ua 4500
001 3618
008 150917n II |||gr||||Z||||||eng
040 _aMAIN
041 _aEnglish
082 _a327 JOH
100 _aJOHARI, J.C.
245 _aINTERNATIONAL RELATIONS AND POLITICS
260 _a[s.l]:
_bSTERLING PUB.,
_c2004.
300 _a489:
_c23CM.
653 _aInternational relations
942 _cBK
999 _c3606
_d3606